Rok konsolidácie bude pre e-commerce náročný
Konsolidačný rok 2025 bude väčšinu podnikateľov veľkou výzvou. Výnimkou nebude ani sektor e-commerce, ktorý bude trpieť zvýšením sadzby DPH a neskôr transakčnou daňou. Väčšie firmy budú čeliť aj vyššej dani z príjmov.
Saved in:
| Main Author: | |
|---|---|
| Format: | Book Chapter |
| Language: | Slovak |
| Subjects: | |
| Tags: |
No Tags, Be the first to tag this record!
|
MARC
| LEADER | 00000naa a2200000 4500 | ||
|---|---|---|---|
| 001 | 0308301 | ||
| 005 | 20250428131725.7 | ||
| 041 | 0 | |a slo | |
| 044 | |a SK | ||
| 245 | 1 | 0 | |a Rok konsolidácie bude pre e-commerce náročný |c Gabriela Alenová |
| 520 | |a Konsolidačný rok 2025 bude väčšinu podnikateľov veľkou výzvou. Výnimkou nebude ani sektor e-commerce, ktorý bude trpieť zvýšením sadzby DPH a neskôr transakčnou daňou. Väčšie firmy budú čeliť aj vyššej dani z príjmov. | ||
| 610 | 2 | 0 | |a konsolidácia |
| 610 | 2 | 0 | |a obchod elektronický |
| 610 | 2 | 0 | |a dane z hodnoty pridanej |
| 610 | 2 | 0 | |a sadzby daňové |
| 610 | 2 | 0 | |a dane z príjmov |
| 610 | 2 | 0 | |a dane transakčné |
| 100 | 1 | |a Alenová, Gabriela | |